Statystyki dla Włochy w 1494 roku

Kliknij tutaj aby rozwiązać quiz!

Ogólne statystyki

  • Ten quiz został rozwiązany 27 razy
  • Średni wynik to 7 z 14

Odpowiedzi na mapie

Odpowiedzi skodowane kolorowo w zielono-czerwonej skali na mapie do tego quizu, zgodnie z poniższymi procentami.
 

Statystyki odpowiedzi

Odpowiedź% Poprawnych
Sycylia
95%
Genua i Korsyka
89%
Neapol
84%
Mediolan
74%
Państwo Kośćielne/Watykan
74%
Rep.Wenecka
68%
Ferrara
42%
Ks.Sabaudzkie
42%
Siena
37%
Asti
32%
Mantua
32%
Modena
32%
Saluzzo
21%
Monferrato
16%

Rozkład punktacji

Percentyl według liczby udzielonych odpowiedzi

Procent ludzi z każdym wynikiem

Twoja historia wyników

Nie rozwiązałeś tego quizu